000 00317nam a22001337a 4500
008 170814b xxu||||| |||| 00| 0 eng d
020 _a9780471527398
041 _aeng
080 _26TH
_a51
100 _a51
101 _aMAT
245 _aELEMENTARY LINEAR ALGEBRA APPLICATIONS VERSION
_cANTON,H
942 _2udc
_cBK
999 _c23377
_d23377